000 00445nam a2200181Ia 4500
003 LK-CoDNM
005 20240802132858.0
008 010623t1883 xxu||||| |||| 00| 1 Pali d
040 _aLK-CoDNM
_dLK-CoDNM
_eLK-CoDNM
041 _aPali
080 _a16
_bB5
100 _aOldenberg,Hermann.
245 _aThe Vinaya Pitakam
260 _bWillams Norgate
_aLondon
_c1883
300 _bvii, 260p. : 21 cm
650 _aParivara
942 _cBK
999 _c82458
_d82458